[Event "GRE-chT 50th"]
[Site "Nikaia"]
[Date "2023.08.30"]
[Round "7.2"]
[White "Katopodis, Dimitrios"]
[Black "Stathopoulos, Ioannis"]
[Result "1-0"]
[WhiteElo "2284"]
[BlackElo "2299"]
[PlyCount "51"]
[EventDate "2023.08.25"]
[EventType "team"]
[EventRounds "9"]
[EventCountry "GRE"]
[SourceTitle "EXT 2024"]
[Source "ChessBase"]
[SourceDate "2023.10.10"]
[SourceVersion "1"]
[SourceVersionDate "2023.10.10"]
[SourceQuality "1"]
[WhiteTeam "Irakleiou Attikis"]
[BlackTeam "Ames Neas Erythreas"]
[WhiteTeamCountry "GRE"]
[BlackTeamCountry "GRE"]

1. Nf3 c5 2. g3 Nc6 3. c4 e5 4. Nc3 f5 5. d3 Nf6 6. Bg5 Be7 7. Bg2 0-0 8. 0-0 d6 9. Rb1 Be6 10. a3 a5 11. Nd2 Rb8 12. Bxf6 Rxf6 13. Nd5 Rh6 14. b4 axb4 15. axb4 Nxb4 16. Nxb4 cxb4 17. Rxb4 Qe8 18. e3 d5 19. Rb6 dxc4 20. Nxc4 e4 21. Rxe6 Rxe6 22. dxe4 fxe4 23. Qd5 Qf7 24. Bxe4 Rh6 25. Ne5 Qxd5 26. Bxd5+ 1-0

[Event "GRE-chT 50th"]
[Site "Nikaia"]
[Date "2023.08.27"]
[Round "4.2"]
[White "Rahmanidis, Petros"]
[Black "Stathopoulos, Ioannis"]
[Result "1-0"]
[WhiteElo "2290"]
[BlackElo "2299"]
[PlyCount "75"]
[EventDate "2023.08.25"]
[EventType "team"]
[EventRounds "9"]
[EventCountry "GRE"]
[SourceTitle "EXT 2024"]
[Source "ChessBase"]
[SourceDate "2023.10.10"]
[SourceVersion "1"]
[SourceVersionDate "2023.10.10"]
[SourceQuality "1"]
[WhiteTeam "Khalandrii"]
[BlackTeam "Ames Neas Erythreas"]
[WhiteTeamCountry "GRE"]
[BlackTeamCountry "GRE"]

1. e4 c5 2. Nf3 d6 3. d4 cxd4 4. Nxd4 Nf6 5. Nc3 a6 6. Bd3 g6 7. f3 Bg7 8. Be3 0-0 9. Qd2 Nc6 10. 0-0-0 d5 11. Nxc6 bxc6 12. Bh6 Be6 13. h4 dxe4 14. Bxg7 Kxg7 15. Nxe4 Nxe4 16. Bxe4 Qxd2+ 17. Rxd2 Rfc8 18. Re1 Rab8 19. Re3 Rb6 20. Rc3 c5 21. Bd5 Kf6 22. Re3 Rcb8 23. Bxe6 Rxe6 24. Rxe6+ Kxe6 25. c4 Rb6 26. Rd5 Rd6 27. Rxc5 Rd4 28. h5 Kd6 29. b4 gxh5 30. Kc2 e5 31. Kc3 Rd1 32. Ra5 Rg1 33. Rxa6+ Ke7 34. b5 Rxg2 35. c5 h4 36. b6 Kd7 37. Ra7+ Kc6 38. Rc7+ 1-0

[Event "GRE-chT 49th"]
[Site "Thessaloniki"]
[Date "2022.08.16"]
[Round "6.3"]
[White "Stathopoulos, Ioannis"]
[Black "Alexakis, Dimitris"]
[Result "1-0"]
[WhiteElo "2278"]
[BlackElo "2463"]
[PlyCount "71"]
[EventDate "2022.08.12"]
[EventType "team-swiss"]
[EventRounds "7"]
[EventCountry "GRE"]
[SourceTitle "CBM 209 Extra"]
[Source "ChessBase"]
[SourceDate "2022.09.30"]
[SourceVersion "1"]
[SourceVersionDate "2022.09.30"]
[SourceQuality "1"]
[WhiteTeam "Ames Neas Erythreas"]
[BlackTeam "Piraikos"]
[WhiteTeamCountry "GRE"]
[BlackTeamCountry "GRE"]

1. d4 Nf6 2. c4 e6 3. Nf3 Bb4+ 4. Bd2 Qe7 5. g3 Nc6 6. Nc3 Bxc3 7. Bxc3 Ne4 8. Rc1 d6 9. Bg2 0-0 10. d5 Nxc3 11. Rxc3 Nd8 12. 0-0 e5 13. Nd2 b6 14. b4 a5 15. Ra3 Nb7 16. Nb3 Bd7 17. c5 dxc5 18. bxc5 Rab8 19. Qc1 Bb5 20. Qb2 Nxc5 21. Nxc5 Qxc5 22. Rc1 Bc4 23. e4 c6 24. dxc6 Qxc6 25. Bf1 b5 26. Bxc4 bxc4 27. Qxe5 Rfe8 28. Qd5 Qxd5 29. exd5 Rb5 30. d6 Rc5 31. d7 Rf8 32. Rd1 c3 33. d8Q c2 34. Qxf8+ Kxf8 35. Rc1 Rd5 36. Rxc2 1-0

[Event "GRE-chT 49th"]
[Site "Thessaloniki"]
[Date "2022.08.14"]
[Round "4.4"]
[White "Stathopoulos, Ioannis"]
[Black "Papidakis, Georgios"]
[Result "1/2-1/2"]
[WhiteElo "2278"]
[BlackElo "2126"]
[PlyCount "65"]
[EventDate "2022.08.12"]
[EventType "team-swiss"]
[EventRounds "7"]
[EventCountry "GRE"]
[SourceTitle "CBM 209 Extra"]
[Source "ChessBase"]
[SourceDate "2022.09.30"]
[SourceVersion "1"]
[SourceVersionDate "2022.09.30"]
[SourceQuality "1"]
[WhiteTeam "Ames Neas Erythreas"]
[BlackTeam "OFI"]
[WhiteTeamCountry "GRE"]
[BlackTeamCountry "GRE"]

1. d4 d5 2. c4 e6 3. Nc3 h6 4. e4 dxe4 5. Nxe4 Bb4+ 6. Nc3 c5 7. a3 Ba5 8. Nge2 cxd4 9. Qxd4 Qxd4 10. Nxd4 Bxc3+ 11. bxc3 a6 12. Bd3 Ne7 13. f4 Nbc6 14. 0-0 0-0 15. Be3 Rd8 16. Rfd1 e5 17. Nxc6 Nxc6 18. Be4 Be6 19. fxe5 Bxc4 20. Bf4 Re8 21. Rab1 Re7 22. Rxb7 Rxb7 23. Bxc6 Rab8 24. Bxb7 Rxb7 25. Rd4 Be6 26. Rb4 Rxb4 27. axb4 Kf8 28. Be3 h5 29. Kf2 Ke7 30. Bc5+ Kd7 31. Ke3 Kc6 32. Bf8 g6 33. Kd4 1/2-1/2

[Event "Kavala op 28th"]
[Site "Kavala"]
[Date "2019.08.10"]
[Round "8"]
[White "Megalios, Konstantinos"]
[Black "Stathopoulos, Ioannis"]
[Result "0-1"]
[WhiteElo "2412"]
[BlackElo "2244"]
[PlyCount "82"]
[EventDate "2019.08.04"]
[EventType "swiss"]
[EventRounds "9"]
[EventCountry "GRE"]
[SourceTitle "CBM 191 Extra"]
[Source "ChessBase"]
[SourceDate "2019.09.30"]
[SourceVersion "1"]
[SourceVersionDate "2019.09.30"]
[SourceQuality "1"]

1. e4 e5 2. Nf3 Nc6 3. Bb5 Nf6 4. d3 Bc5 5. Bxc6 dxc6 6. Nbd2 Bg4 7. h3 Bh5 8. Qe2 Nd7 9. Nc4 Qe7 10. g4 Bg6 11. Bd2 0-0-0 12. 0-0-0 f6 13. Nh4 Bf7 14. Nf5 Qf8 15. Kb1 Be6 16. Na5 g6 17. Ng3 h5 18. gxh5 f5 19. hxg6 f4 20. Nf5 Bxf5 21. exf5 Qxf5 22. Nb3 f3 23. Qe4 Qxe4 24. dxe4 Bb6 25. h4 Rdg8 26. Bg5 Rxg6 27. Nd2 Nf6 28. Nxf3 Nxe4 29. Nxe5 Rgg8 30. f4 Nf2 31. c3 Nxh1 32. Rxh1 Bc5 33. Rf1 Bd6 34. Ng4 Rf8 35. f5 Bg3 36. Be7 Rf7 37. f6 Bd6 38. Bxd6 cxd6 39. Rh1 Rfh7 40. Rf1 Rxh4 41. f7 Rf8 0-1

[Event "Kavala op 28th"]
[Site "Kavala"]
[Date "2019.08.08"]
[Round "6"]
[White "Stathopoulos, Ioannis"]
[Black "Danielian, Elina"]
[Result "1-0"]
[WhiteElo "2244"]
[BlackElo "2401"]
[PlyCount "63"]
[EventDate "2019.08.04"]
[EventType "swiss"]
[EventRounds "9"]
[EventCountry "GRE"]
[SourceTitle "CBM 191 Extra"]
[Source "ChessBase"]
[SourceDate "2019.09.30"]
[SourceVersion "1"]
[SourceVersionDate "2019.09.30"]
[SourceQuality "1"]

1. d4 Nf6 2. c4 e6 3. Nf3 b6 4. g3 Bb4+ 5. Bd2 Be7 6. Bg2 Bb7 7. 0-0 0-0 8. Nc3 Na6 9. Ne5 Bxg2 10. Kxg2 c5 11. d5 exd5 12. cxd5 Qb8 13. Nf3 b5 14. e4 b4 15. e5 bxc3 16. exf6 Bxf6 17. Bxc3 Qd6 18. Bxf6 Qxf6 19. Qa4 Rfd8 20. Rac1 Rab8 21. b3 Rb4 22. Qa3 h6 23. Rxc5 Nxc5 24. Qxb4 d6 25. Qa5 Re8 26. b4 Ne4 27. Qxa7 Nc3 28. b5 Nxd5 29. Rd1 Nc3 30. Rd3 Re2 31. b6 Ne4 32. b7 1-0

[Event "GRE CupT final 36th"]
[Site "Rio Achaia"]
[Date "2018.07.08"]
[Round "1.3"]
[White "Stathopoulos, Ioannis"]
[Black "Michelakos, Panagiotis"]
[Result "0-1"]
[WhiteElo "2338"]
[BlackElo "2244"]
[PlyCount "42"]
[EventDate "2018.07.08"]
[EventType "team-k.o."]
[EventRounds "3"]
[EventCountry "GRE"]
[SourceTitle "CBM 185 Extra"]
[Source "ChessBase"]
[SourceDate "2018.07.29"]
[SourceVersion "1"]
[SourceVersionDate "2018.07.29"]
[SourceQuality "1"]
[WhiteTeam "New Crystal"]
[BlackTeam "Eoac Fysiolatris"]
[WhiteTeamCountry "GRE"]
[BlackTeamCountry "GRE"]

1. d4 Nf6 2. c4 e6 3. Nc3 Bb4 4. Qc2 0-0 5. a3 Bxc3+ 6. Qxc3 d5 7. Nf3 Ne4 8. Qc2 c5 9. cxd5 exd5 10. dxc5 Nc6 11. b4 Bf5 12. Qb2 d4 13. Bd2 Re8 14. g3 Qf6 15. Bg2 Nxd2 16. Qxd2 d3 17. 0-0 dxe2 18. Rfe1 Rad8 19. Qa2 Bg4 20. Nd2 Ne5 21. h3 Nd3 0-1

[Event "Attica-CupT final"]
[Site "Athens"]
[Date "2018.05.20"]
[Round "2"]
[White "Moutousis, Konstantinos"]
[Black "Stathopoulos, Ioannis"]
[Result "1-0"]
[WhiteElo "2400"]
[BlackElo "2343"]
[PlyCount "45"]
[EventDate "2018.05.19"]
[EventType "team-k.o."]
[EventRounds "2"]
[EventCountry "GRE"]
[SourceTitle "EXT 2019"]
[Source "ChessBase"]
[SourceDate "2018.10.10"]
[SourceVersion "1"]
[SourceVersionDate "2018.10.10"]
[SourceQuality "1"]
[WhiteTeam "Peristeriou PS"]
[BlackTeam "Erythraias Ames"]
[WhiteTeamCountry "GRE"]
[BlackTeamCountry "GRE"]

1. d4 Nf6 2. c4 g6 3. Nc3 Bg7 4. e4 d6 5. f3 0-0 6. Bg5 c5 7. d5 e6 8. Qd2 exd5 9. cxd5 Nbd7 10. Nh3 h6 11. Be3 Ne5 12. Nf2 g5 13. Be2 Nh5 14. g3 f5 15. f4 gxf4 16. gxf4 Ng4 17. Bxg4 fxg4 18. f5 Re8 19. 0-0-0 b5 20. Bxh6 b4 21. Bxg7 Nxg7 22. Nb1 c4 23. Qxb4 1-0

[Event "Athens Georgiou op 1st"]
[Site "Athens"]
[Date "2017.09.10"]
[Round "8"]
[White "Stathopoulos, Ioannis"]
[Black "Rousis, Mihail"]
[Result "1/2-1/2"]
[WhiteElo "2344"]
[BlackElo "2058"]
[PlyCount "79"]
[EventDate "2017.09.04"]
[EventType "swiss"]
[EventRounds "9"]
[EventCountry "GRE"]
[SourceTitle "CBM 180 Extra"]
[Source "ChessBase"]
[SourceDate "2017.10.06"]
[SourceVersion "1"]
[SourceVersionDate "2017.10.06"]
[SourceQuality "1"]

1. d4 Nf6 2. c4 e6 3. Nf3 Bb4+ 4. Nbd2 b6 5. a3 Bxd2+ 6. Qxd2 Bb7 7. e3 0-0 8. Be2 d6 9. b4 Nbd7 10. Bb2 Ne4 11. Qc2 f5 12. Rd1 Ng5 13. d5 Nxf3+ 14. Bxf3 e5 15. 0-0 a5 16. Be2 Qe7 17. Kh1 f4 18. exf4 Rxf4 19. Bc1 Rf7 20. Bg4 Nf8 21. Be3 axb4 22. axb4 Bc8 23. Bh5 g6 24. Be2 Bf5 25. Qd2 Qd7 26. f3 Qa4 27. Bh6 Re7 28. g4 Bc2 29. Rc1 Bb3 30. Qc3 Qa3 31. Ra1 Ba2 32. Qxa3 Rxa3 33. c5 bxc5 34. bxc5 Re8 35. cxd6 cxd6 36. Rfc1 Rea8 37. Rc7 Bxd5 38. Rg7+ Kh8 39. Rxa3 Rxa3 40. Kg2 1/2-1/2

[Event "Athens Georgiou op 1st"]
[Site "Athens"]
[Date "2017.09.07"]
[Round "4"]
[White "Nikolov, Momchil"]
[Black "Stathopoulos, Ioannis"]
[Result "1-0"]
[WhiteElo "2560"]
[BlackElo "2344"]
[PlyCount "59"]
[EventDate "2017.09.04"]
[EventType "swiss"]
[EventRounds "9"]
[EventCountry "GRE"]
[SourceTitle "CBM 180 Extra"]
[Source "ChessBase"]
[SourceDate "2017.10.06"]
[SourceVersion "1"]
[SourceVersionDate "2017.10.06"]
[SourceQuality "1"]

1. d4 Nf6 2. c4 g6 3. Nc3 Bg7 4. e4 d6 5. f3 0-0 6. Nge2 c5 7. d5 e6 8. Ng3 exd5 9. cxd5 h5 10. Be2 Nbd7 11. 0-0 h4 12. Nh1 Nh5 13. Nf2 Be5 14. Bh6 Qf6 15. f4 Nxf4 16. Ng4 Nxe2+ 17. Nxe2 Qh8 18. Bxf8 Kxf8 19. Nf4 Bd4+ 20. Kh1 Kg8 21. Qf3 Qg7 22. Ne2 Bxb2 23. Rab1 Ne5 24. Nf6+ Kf8 25. Qb3 Bd4 26. Nxd4 cxd4 27. Qa4 Bg4 28. Rxb7 d3 29. Qb4 Rd8 30. Rb8 1-0

[Event "Nikaia op 25th"]
[Site "Nikaia"]
[Date "2017.08.28"]
[Round "3"]
[White "Stathopoulos, Ioannis"]
[Black "Krallis, Christos"]
[Result "1-0"]
[WhiteElo "2323"]
[BlackElo "2148"]
[PlyCount "67"]
[EventDate "2017.08.26"]
[EventType "swiss"]
[EventRounds "9"]
[EventCountry "GRE"]
[SourceTitle "CBM 180 Extra"]
[Source "ChessBase"]
[SourceDate "2017.10.06"]
[SourceVersion "1"]
[SourceVersionDate "2017.10.06"]
[SourceQuality "1"]

1. d4 Nf6 2. c4 e6 3. Nf3 b6 4. g3 Bb7 5. Bg2 Bb4+ 6. Bd2 Bxd2+ 7. Qxd2 0-0 8. 0-0 c5 9. Nc3 cxd4 10. Qxd4 Nc6 11. Qd6 Ne8 12. Qd2 d6 13. Rfd1 Qe7 14. Nd4 Nxd4 15. Qxd4 Bxg2 16. Kxg2 Rd8 17. Rd2 Nf6 18. e4 Qb7 19. Rad1 Rd7 20. f3 Rfd8 21. g4 h6 22. h4 Qc6 23. g5 hxg5 24. hxg5 Nh5 25. Ne2 d5 26. cxd5 exd5 27. e5 Re7 28. Rh1 g6 29. Nf4 Nxf4+ 30. Qxf4 Re6 31. Kg3 Qc7 32. Rdh2 Kf8 33. Rh8+ Ke7 34. Qxf7+ 1-0

[Event "Nikaia op 25th"]
[Site "Nikaia"]
[Date "2017.08.27"]
[Round "2"]
[White "Delithanasis, Dimitrios"]
[Black "Stathopoulos, Ioannis"]
[Result "0-1"]
[WhiteElo "2007"]
[BlackElo "2323"]
[PlyCount "48"]
[EventDate "2017.08.26"]
[EventType "swiss"]
[EventRounds "9"]
[EventCountry "GRE"]
[SourceTitle "CBM 180 Extra"]
[Source "ChessBase"]
[SourceDate "2017.10.06"]
[SourceVersion "1"]
[SourceVersionDate "2017.10.06"]
[SourceQuality "1"]

1. c4 Nf6 2. Nc3 e5 3. Nf3 Nc6 4. e3 Bb4 5. Qc2 0-0 6. Nd5 d6 7. a3 Bc5 8. b4 Bb6 9. Bb2 Nxd5 10. cxd5 Ne7 11. Qb3 Ng6 12. d4 f6 13. Be2 Bg4 14. Nxe5 Nxe5 15. dxe5 Bxe2 16. exf6 Bh5 17. fxg7 Rf5 18. 0-0 Qg5 19. Kh1 Re8 20. Rae1 Re4 21. Qd3 Bf3 22. gxf3 Rh4 23. Rg1 Rxh2+ 24. Kxh2 Qh5+ 0-1

[Event "Kavala op 26th"]
[Site "Kavala"]
[Date "2017.08.02"]
[Round "7"]
[White "Stathopoulos, Ioannis"]
[Black "Wang, Jiaqi"]
[Result "1/2-1/2"]
[WhiteElo "2343"]
[BlackElo "1991"]
[PlyCount "109"]
[EventDate "2017.07.28"]
[EventType "swiss"]
[EventRounds "9"]
[EventCountry "GRE"]
[SourceTitle "CBM 179 Extra"]
[Source "ChessBase"]
[SourceDate "2017.08.23"]
[SourceVersion "1"]
[SourceVersionDate "2017.08.23"]
[SourceQuality "1"]

1. d4 Nf6 2. c4 e6 3. Nf3 b6 4. g3 Bb7 5. Bg2 Be7 6. Nc3 0-0 7. Qc2 d5 8. cxd5 exd5 9. 0-0 Na6 10. Rd1 Qc8 11. Bg5 c5 12. Nh4 g6 13. Qd2 Rd8 14. Rac1 Qe6 15. Qf4 Ne4 16. Bxe7 Qxe7 17. Nf3 Nxc3 18. Rxc3 Kg7 19. Ne5 Nc7 20. Re3 cxd4 21. Rxd4 Ne6 22. Nxf7 Qxf7 23. Qe5+ Qf6 24. Qxe6 Qxd4 25. Qe7+ Kh8 26. Qxb7 Rf8 27. Bf3 Rae8 28. Rxe8 Rxe8 29. Qxa7 Qxb2 30. Qf7 Qe5 31. Bxd5 Qe7 32. Qf4 Kg7 33. e4 Rf8 34. Qd2 Qf6 35. Qe3 Rc8 36. Kg2 b5 37. h3 h5 38. h4 Kh7 39. e5 Qe7 40. Be4 b4 41. Qb6 Rg8 42. Qb5 Rd8 43. Qe2 Kh6 44. Qe3+ Kh7 45. Bb1 Re8 46. Qe4 Rg8 47. Bc2 Rg7 48. Qe2 Kh6 49. Qe3+ Kh7 50. f4 Qe6 51. Qe2 Rc7 52. Bb1 Kg7 53. Qd2 Qc6+ 54. Kh2 Qf3 55. Qxb4 1/2-1/2

[Event "Kavala op 26th"]
[Site "Kavala"]
[Date "2017.07.31"]
[Round "5"]
[White "Stathopoulos, Ioannis"]
[Black "Morozov, Nichita"]
[Result "1/2-1/2"]
[WhiteElo "2343"]
[BlackElo "2437"]
[PlyCount "146"]
[EventDate "2017.07.28"]
[EventType "swiss"]
[EventRounds "9"]
[EventCountry "GRE"]
[SourceTitle "CBM 179 Extra"]
[Source "ChessBase"]
[SourceDate "2017.08.23"]
[SourceVersion "1"]
[SourceVersionDate "2017.08.23"]
[SourceQuality "1"]

1. d4 d5 2. c4 c6 3. Nc3 Nf6 4. Nf3 e6 5. e3 a6 6. c5 Nbd7 7. Bd2 Qc7 8. Rc1 e5 9. dxe5 Nxe5 10. Nxe5 Qxe5 11. Na4 Ne4 12. Ba5 Qf6 13. Qc2 Be7 14. Bd3 0-0 15. 0-0 Qe6 16. Kh1 Bd8 17. Nb6 Rb8 18. f3 Bxb6 19. Bxb6 Nf6 20. Bc7 Ra8 21. Qc3 Ne8 22. Bf4 Qe7 23. Qc2 h6 24. Qf2 Be6 25. Be5 Bf5 26. Bxf5 Qxe5 27. Bb1 Nf6 28. Rfe1 Rfe8 29. Qd2 Re7 30. Kg1 Rae8 31. g3 Nd7 32. Kg2 Qf6 33. b3 g6 34. Re2 Kg7 35. Ree1 h5 36. h4 Re5 37. a3 R5e7 38. Bd3 g5 39. hxg5 Qxg5 40. Qc3+ Nf6 41. f4 Qg4 42. Be2 Qd7 43. Bf3 d4 44. exd4 Rxe1 45. Rxe1 Rxe1 46. Qxe1 Qxd4 47. b4 Qb2+ 48. Kh3 Qxa3 49. Bxh5 Qb2 50. Bf3 Qd4 51. Qb1 Kf8 52. Qf5 Qd7 53. Qxd7 Nxd7 54. Kg4 a5 55. bxa5 Nxc5 56. Kg5 Kg7 57. f5 f6+ 58. Kf4 Kh6 59. Be2 Kg7 60. g4 Kh6 61. Bf1 Nd7 62. a6 bxa6 63. Bxa6 c5 64. Be2 Nb6 65. Ke4 Kg5 66. Bf3 Nc4 67. Kd5 Ne5 68. Be2 c4 69. Kd4 Kf4 70. Kc3 Kg3 71. Kd4 Kf4 72. Kc3 Ke3 73. Bxc4 Nxg4 1/2-1/2

[Event "Kavala op 26th"]
[Site "Kavala"]
[Date "2017.07.30"]
[Round "3"]
[White "Stathopoulos, Ioannis"]
[Black "Bernadskiy, Vitaliy"]
[Result "0-1"]
[WhiteElo "2343"]
[BlackElo "2543"]
[PlyCount "76"]
[EventDate "2017.07.28"]
[EventType "swiss"]
[EventRounds "9"]
[EventCountry "GRE"]
[SourceTitle "CBM 179 Extra"]
[Source "ChessBase"]
[SourceDate "2017.08.23"]
[SourceVersion "1"]
[SourceVersionDate "2017.08.23"]
[SourceQuality "1"]

1. d4 d5 2. c4 e6 3. Nc3 a6 4. e4 dxe4 5. Nxe4 Bb4+ 6. Nc3 c5 7. a3 Ba5 8. Be3 Nf6 9. Nge2 cxd4 10. Qxd4 Nbd7 11. g3 Bb6 12. Qd2 Ng4 13. Bxb6 Qxb6 14. Ne4 Nde5 15. Bg2 0-0 16. c5 Qb3 17. Qc3 Nd3+ 18. Kd2 Qxc3+ 19. N2xc3 Ngxf2 20. Rhf1 Nxe4+ 21. Nxe4 Ne5 22. Nd6 Rb8 23. Kc3 f6 24. Rad1 Ng4 25. Rfe1 Nxh2 26. Kb4 Ng4 27. Ka5 Ne5 28. Kb6 Bd7 29. Bxb7 Ba4 30. Rd4 Nd7+ 31. Ka7 Nxc5 32. Rxe6 Nxe6 33. Rxa4 Rbd8 34. Rxa6 Rd7 35. b4 Nd8 36. Rb6 f5 37. Nc4 Rf6 38. Na5 h5 0-1

[Event "Paracin Summer op-A 10th"]
[Site "Paracin"]
[Date "2017.07.14"]
[Round "9.30"]
[White "Stathopoulos, Ioannis"]
[Black "Zarkovic, Mila"]
[Result "1/2-1/2"]
[WhiteElo "2343"]
[BlackElo "2255"]
[PlyCount "60"]
[EventDate "2017.07.07"]
[EventType "swiss"]
[EventRounds "9"]
[EventCountry "SRB"]
[SourceTitle "EXT 2018"]
[Source "ChessBase"]
[SourceDate "2017.10.13"]
[SourceVersion "1"]
[SourceVersionDate "2017.10.13"]
[SourceQuality "1"]

1. d4 Nf6 2. c4 e6 3. Nf3 Bb4+ 4. Nbd2 b6 5. a3 Bxd2+ 6. Qxd2 Bb7 7. e3 a5 8. b3 0-0 9. Be2 d6 10. Bb2 Nbd7 11. 0-0 Ne4 12. Qc2 f5 13. d5 exd5 14. Nd4 Qe7 15. cxd5 Bxd5 16. Bc4 Bxc4 17. Qxc4+ Kh8 18. Qxc7 Nec5 19. Qc6 Ne5 20. Qd5 Ncd3 21. Nxf5 Qf6 22. Bxe5 Qxf5 23. e4 Qxe5 24. Qxd3 Rac8 25. Rad1 Rc3 26. Qxd6 Qxd6 27. Rxd6 Rxb3 28. a4 Kg8 29. Rfd1 Rb4 30. f3 Rb8 1/2-1/2

[Event "Paracin Summer op-A 10th"]
[Site "Paracin"]
[Date "2017.07.11"]
[Round "6.25"]
[White "Stathopoulos, Ioannis"]
[Black "Paradzik, Berislav"]
[Result "0-1"]
[WhiteElo "2343"]
[BlackElo "2066"]
[PlyCount "84"]
[EventDate "2017.07.07"]
[EventType "swiss"]
[EventRounds "9"]
[EventCountry "SRB"]
[SourceTitle "EXT 2018"]
[Source "ChessBase"]
[SourceDate "2017.10.13"]
[SourceVersion "1"]
[SourceVersionDate "2017.10.13"]
[SourceQuality "1"]

1. d4 Nf6 2. c4 e6 3. Nf3 Bb4+ 4. Bd2 c5 5. Bxb4 cxb4 6. g3 b6 7. Bg2 Bb7 8. a3 bxa3 9. Nxa3 a5 10. 0-0 0-0 11. d5 Na6 12. Nd4 e5 13. Nf5 d6 14. Nb5 Ne8 15. f4 g6 16. Ne3 f6 17. Qd2 Nc5 18. Ra3 Nc7 19. fxe5 Nxb5 20. cxb5 dxe5 21. d6 Ne4 22. Qc2 Rc8 23. Qa4 Nxd6 24. Rd3 e4 25. Rd2 Qe7 26. Qd4 Nxb5 27. Qxb6 Qc5 28. Qxc5 Rxc5 29. Ra1 Nc7 30. Rd7 Rf7 31. Ng4 Kg7 32. Rd4 f5 33. Ne3 Rb5 34. Ra2 Bd5 35. Nxd5 Nxd5 36. Kf2 Nb4 37. Ra4 Rc7 38. Bf1 Kf6 39. Rd8 Rc2 40. Ra8 Nc6 41. Ra6 Ke5 42. Ra2 Kd5 0-1

[Event "Paracin Summer op-A 10th"]
[Site "Paracin"]
[Date "2017.07.11"]
[Round "5.29"]
[White "Tanriverdi, Enes"]
[Black "Stathopoulos, Ioannis"]
[Result "0-1"]
[WhiteElo "2203"]
[BlackElo "2343"]
[PlyCount "110"]
[EventDate "2017.07.07"]
[EventType "swiss"]
[EventRounds "9"]
[EventCountry "SRB"]
[SourceTitle "EXT 2018"]
[Source "ChessBase"]
[SourceDate "2017.10.13"]
[SourceVersion "1"]
[SourceVersionDate "2017.10.13"]
[SourceQuality "1"]

1. d4 Nf6 2. c4 g6 3. Nc3 Bg7 4. e4 d6 5. Nf3 0-0 6. Be2 e5 7. d5 a5 8. Bg5 Na6 9. Nd2 Bd7 10. g4 Kh8 11. h4 Qc8 12. h5 Nxg4 13. Rh4 gxh5 14. Nf1 f6 15. Bd2 f5 16. Ng3 f4 17. Nxh5 Nf6 18. Nxg7 Kxg7 19. Bd3 Rg8 20. Qe2 Kh8 21. 0-0-0 Nc5 22. f3 Rg6 23. Bc2 Qg8 24. Rh2 Rg1 25. Qf2 Rxd1+ 26. Kxd1 Qg3 27. Ne2 Qxf2 28. Rxf2 b5 29. cxb5 Bxb5 30. Bc3 Kg7 31. Kd2 Kf7 32. b3 h5 33. a4 Bd7 34. Rg2 c6 35. dxc6 Bxc6 36. Nc1 Ke6 37. Re2 h4 38. Rh2 d5 39. exd5+ Bxd5 40. Ke2 Rc8 41. Ba1 Nxb3 42. Bxb3 Rxc1 43. Bb2 Rb1 44. Bxd5+ Nxd5 45. Kd3 Nb6 46. Kc2 Rf1 47. Rxh4 Nxa4 48. Bxe5 Kxe5 49. Rh5+ Kd4 50. Rxa5 Rf2+ 51. Kc1 Nc5 52. Ra3 Nd3+ 53. Kd1 Ke3 54. Ra2 Rf1+ 55. Kc2 Nb4+ 0-1

[Event "Paracin Summer op-A 10th"]
[Site "Paracin"]
[Date "2017.07.07"]
[Round "1.38"]
[White "Raykov, Stefan"]
[Black "Stathopoulos, Ioannis"]
[Result "0-1"]
[WhiteElo "2103"]
[BlackElo "2343"]
[PlyCount "90"]
[EventDate "2017.07.07"]
[EventType "swiss"]
[EventRounds "9"]
[EventCountry "SRB"]
[SourceTitle "EXT 2018"]
[Source "ChessBase"]
[SourceDate "2017.10.13"]
[SourceVersion "1"]
[SourceVersionDate "2017.10.13"]
[SourceQuality "1"]

1. e4 c5 2. Nf3 d6 3. d4 cxd4 4. Nxd4 Nf6 5. Nc3 a6 6. Bg5 Nbd7 7. f4 Qc7 8. Qf3 b5 9. 0-0-0 Bb7 10. a3 g6 11. Bd3 Bg7 12. Nb3 0-0 13. g4 Nb6 14. h4 Na4 15. Nxa4 bxa4 16. Nd2 Rab8 17. Nb1 Ba8 18. c3 Qb7 19. Rh2 Rfc8 20. Bxf6 Bxf6 21. h5 g5 22. Qe3 gxf4 23. Qxf4 Rc5 24. g5 Bxg5 25. Rg1 f6 26. Rxg5+ Rxg5 27. Qe3 Qb6 28. Qxb6 Rxb6 29. Nd2 d5 30. Kc2 dxe4 31. Nxe4 Bxe4 32. Bxe4 Rbb5 33. Bf3 Rbf5 34. Be2 a5 35. Bc4+ Kf8 36. Be2 e5 37. Kd3 Rf4 38. c4 Ke7 39. h6 Kd6 40. Kc3 Kc5 41. Rh3 Rg2 42. Re3 Rff2 43. Kd3 Rxe2 44. Rxe2 Rxe2 45. Kxe2 Kxc4 0-1

[Event "EU-ch 18th"]
[Site "Minsk"]
[Date "2017.06.03"]
[Round "5"]
[White "Svetushkin, Dmitry"]
[Black "Stathopoulos, Ioannis"]
[Result "1/2-1/2"]
[WhiteElo "2573"]
[BlackElo "2376"]
[PlyCount "141"]
[EventDate "2017.05.30"]
[EventType "swiss"]
[EventRounds "11"]
[EventCountry "BLR"]
[SourceTitle "CBM 179"]
[Source "ChessBase"]
[SourceDate "2017.07.12"]
[SourceVersion "1"]
[SourceVersionDate "2017.07.12"]
[SourceQuality "1"]

1. d4 Nf6 2. c4 g6 3. Nc3 Bg7 4. e4 d6 5. h3 0-0 6. Nf3 e5 7. d5 a5 8. Be3 Na6 9. g4 Nd7 10. a3 Nb6 11. Rg1 Bd7 12. h4 Nc5 13. g5 Nba4 14. Bxc5 Nxc5 15. h5 Re8 16. Nd2 Bf8 17. Qf3 Be7 18. Qg3 Kh8 19. hxg6 Rg8 20. f4 Rxg6 21. Nf3 exf4 22. Qxf4 f6 23. Nh4 Rxg5 24. Rh1 Qg8 25. 0-0-0 Rg4 26. Qf2 Qg5+ 27. Kb1 f5 28. Nf3 Qg7 29. Bh3 Nxe4 30. Nxe4 fxe4 31. Nd4 e3 32. Qc2 Rxd4 33. Rdg1 Bg4 34. Bxg4 Rd2 35. Qb3 Bf6 36. Bf5 Rxb2+ 37. Qxb2 Bxb2 38. Rxg7 Bxg7 39. Rxh7+ Kg8 40. Rh4 Bc3 41. Re4 Bd2 42. Kc2 Kg7 43. Bg4 Kf6 44. Re6+ Kg5 45. Be2 Rh8 46. Re7 Rh2 47. Kd3 Rh1 48. Rxc7 Ra1 49. c5 Rxa3+ 50. Ke4 Ra4+ 51. Kd3 dxc5 52. Rxc5 Kf6 53. Rc7 Ke5 54. Bf3 Rd4+ 55. Ke2 b5 56. Re7+ Kd6 57. Re6+ Kc5 58. Rc6+ Kb4 59. d6 a4 60. Bh5 Kb3 61. Bf7+ Kb2 62. Be6 a3 63. Ra6 Bb4 64. d7 Be7 65. Kxe3 Ra4 66. Rd6 Bg5+ 67. Kd3 Bd8 68. Ke3 a2 69. Rd2+ Kb1 70. Rd1+ Kc2 71. Rd2+ 1/2-1/2